Missing Word: April Birthdays Quiz Stats

 Plays Quiz Updated Apr 20, 2018

Challenge
Share
Tweet
Embed
Score 0/30 Timer 03:00
0 Plays Today
Hint Missing Word % Correct
_____ Chaplin - ActorCharlie
96.2%
_____ Letterman - TV HostDavid
94.5%
Melania _____ - First LadyTrump
90.3%
Ulysses S. _____ - US PresidentGrant
90%
Marlon _____ - ActorBrando
89.1%
Gregory _____ - ActorPeck
88.8%
_____ Zellweger - ActressRenée
86.7%
_____ Streisand - SingerBarbra
86.5%
Russell _____ - ActorCrowe
86.4%
_____ Jefferson - PoliticianThomas
86.4%
_____ Watson - ActressEmma
86.3%
_____ Angelou - PoetMaya
84.1%
Iggy _____ - SingerPop
82.2%
Sarah _____ Gellar - ActressMichelle
81.8%
Kourtney _____ - Reality StarKardashian
80.7%
Hint Missing Word % Correct
Harper _____ - AuthorLee
79.8%
_____ Sharapova - AthleteMaria
77.6%
_____ Lange - ActressJessica
77.1%
_____ Dunst - ActressKirsten
76.9%
_____ Reynolds - ActressDebbie
75.9%
Omar _____ - ActorSharif
73.7%
_____ Haggard - SingerMerle
73.4%
Duke _____ - MusicianEllington
72.6%
_____ Fassbender - ActorMichael
69.8%
Shirley _____ - ActressTemple
67.3%
_____ Beckham - SingerVictoria
63%
_____ Lenin - PoliticianVladimir
59.5%
____ Annan - DiplomatKofi
57.6%
Hugh _____ - BusinessmanHefner
55.5%
Jeremy _____ - Top Gear PresenterClarkson
22.4%

Today's Daily Dose

Missing Word
'F' Pairs

Word Ladder
Mixed Synonyms

On This Day
August 15th II

You're not logged in!

Compare scores with friends on all Sporcle quizzes.
Join for Free
OR
Log In

You Might Also Like...

Show Comments

Extras

Top Quizzes Today


Score Distribution

Your Account Isn't Verified!

In order to create a playlist on Sporcle, you need to verify the email address you used during registration. Go to your Sporcle Settings to finish the process.

Report this User

Report this user for behavior that violates our Community Guidelines.

Details: